Normal view
MARC view
Entry Personal Name
001 - CONTROL NUMBER
- control field: 1237996
003 - CONTROL NUMBER IDENTIFIER
- control field: OSt
005 - DATE AND TIME OF LATEST TRANSACTION
- control field: 20260430150617.0
008 - FIXED-LENGTH DATA ELEMENTS
- fixed length control field: 260430|| aca||aabn | a|a d
040 ## - CATALOGING SOURCE
- Original cataloging agency: OSt
- Transcribing agency: OSt
100 ## - HEADING--PERSONAL NAME
- Personal name: Gupta Jyotish Kumar Au.; Deswal Vageshwari Gu
670 ## - SOURCE DATA FOUND
- Source citation: Work cat.: (OSt)1850203: Gupta Jyotish Kumar Au.; Deswal Vageshwari Gu., Flesh Trade: An Attempt to Examine Its Impact on Sexual Violence in India, 2024
